<?xml version="1.0" encoding="UTF-8"?>
<record
    xmlns:xsi="http://www.w3.org/2001/XMLSchema-instance"
    xsi:schemaLocation="http://www.loc.gov/MARC21/slim http://www.loc.gov/standards/marcxml/schema/MARC21slim.xsd"
    xmlns="http://www.loc.gov/MARC21/slim">

  <leader>01903nam a2200193 a 4500</leader>
  <controlfield tag="001">271</controlfield>
  <controlfield tag="003">CO-ViMGA</controlfield>
  <controlfield tag="008">141112s2004    ck      r     000 u spa d</controlfield>
  <datafield tag="040" ind1=" " ind2=" ">
    <subfield code="a">CO-ViMGA</subfield>
    <subfield code="b">spa</subfield>
    <subfield code="c">CO-ViMGA</subfield>
  </datafield>
  <datafield tag="082" ind1="0" ind2="4">
    <subfield code="a">610.773678 B875</subfield>
  </datafield>
  <datafield tag="100" ind1="1" ind2=" ">
    <subfield code="a">Butmarescu, Glenda Fregia</subfield>
    <subfield code="9">47995</subfield>
  </datafield>
  <datafield tag="245" ind1="1" ind2="0">
    <subfield code="a">Enfermer&#xED;a perinatal</subfield>
  </datafield>
  <datafield tag="260" ind1=" " ind2=" ">
    <subfield code="a">Mexico : </subfield>
    <subfield code="b">Limusa, </subfield>
    <subfield code="c">1982</subfield>
  </datafield>
  <datafield tag="300" ind1=" " ind2=" ">
    <subfield code="a">2 v</subfield>
  </datafield>
  <datafield tag="505" ind1=" " ind2=" ">
    <subfield code="a">Volumen 1 : Surgimiento de la enfermer&#xED;a perinatal Salud en la reproduccci&#xF3;n : Un marco conceptual 49 - - Evoluci&#xF3;n de la enfermer&#xED;a perinatal 79 - - Direcciones para el futuro 141 - - Dotaci&#xF3;n para la salud en la reproducci&#xF3;n Dotaci&#xF3;n biol&#xF3;gica para la reproducci&#xF3;n saludable 157 - - Unidad biol&#xF3;gica maternofetal 193 - - Dotaci&#xF3;n psicosocial para la reproducci&#xF3;n y paternidad 241 - - Adaptaciones maternoneonatales despu&#xE9;s del nacimiento 263 - - Salud en la reproducci&#xF3;n : Una responsabilidad de la enfermer&#xED;a perinatal Direcci&#xF3;n en enfermer&#xED;a perinaltal 307 - - Investigaci&#xF3;n : Una responsabilidad de la enfermer&#xED;a perinaltal 339 - - La enfermera perinaltal : Educadora para la salud en la reproducci&#xF3;n 365 - - Pr&#xE1;ctica cl&#xED;nica de la enfermer&#xED;a perinatal 385 - - Volumen 2 : Riesgo en la reproducci&#xF3;n : Premisas 25 - - Valoraci&#xF3;n del riesgo en la reproduccci&#xF3;n - enfoque : Monitorizaci&#xF3;n cl&#xED;nica y bioqu&#xED;mica 51 - - Evaluaci&#xF3;n del riesgo en la reproduccci&#xF3;n - enfoque : Observaci&#xF3;n electr&#xF3;nica, sonograf&#xED;a y radiol&#xF3;gica 91 - - Transtornos geneticos - enfoque : transtornos hereditarios 125 - - Transtornos en el metabolismo de los carbohidratos - enfoque : diabetes 177 - - Transtornos hesmost&#xE1;ticos - enfoque : Coagulaci&#xF3;n intravascular diseminada; anemias mionatales 207 - - Problemas psicol&#xF3;gicos, farmacodependencia y alcoholismo 449 - - Costo del riesgo de la reproducci&#xF3;n 487  </subfield>
  </datafield>
  <datafield tag="650" ind1="1" ind2="4">
    <subfield code="a">EMBARAZO</subfield>
  </datafield>
  <datafield tag="650" ind1="1" ind2="4">
    <subfield code="a">ENFERMERIA - PERINATAL</subfield>
    <subfield code="9">47997</subfield>
  </datafield>
  <datafield tag="942" ind1=" " ind2=" ">
    <subfield code="2">ddc</subfield>
    <subfield code="c">BK</subfield>
  </datafield>
  <datafield tag="999" ind1=" " ind2=" ">
    <subfield code="c">12517</subfield>
    <subfield code="d">12517</subfield>
  </datafield>
  <datafield tag="952" ind1=" " ind2=" ">
    <subfield code="0">0</subfield>
    <subfield code="1">0</subfield>
    <subfield code="2">ddc</subfield>
    <subfield code="4">0</subfield>
    <subfield code="7">0</subfield>
    <subfield code="8">002</subfield>
    <subfield code="a">MEVIECAR</subfield>
    <subfield code="b">MEVIECAR</subfield>
    <subfield code="d">2015-12-04</subfield>
    <subfield code="h">Volumen. 1 | 11/jun/2009</subfield>
    <subfield code="l">0</subfield>
    <subfield code="o">610.773678 B875 </subfield>
    <subfield code="p">03823</subfield>
    <subfield code="r">2015-12-04 00:00:00</subfield>
    <subfield code="t">Ej. 1</subfield>
    <subfield code="w">2015-12-04</subfield>
    <subfield code="y">BK</subfield>
  </datafield>
  <datafield tag="952" ind1=" " ind2=" ">
    <subfield code="0">0</subfield>
    <subfield code="1">0</subfield>
    <subfield code="2">ddc</subfield>
    <subfield code="4">0</subfield>
    <subfield code="7">0</subfield>
    <subfield code="8">002</subfield>
    <subfield code="a">MEVIECAR</subfield>
    <subfield code="b">MEVIECAR</subfield>
    <subfield code="d">2015-12-04</subfield>
    <subfield code="h">Volumen. 2 | 14/sep/2013</subfield>
    <subfield code="l">0</subfield>
    <subfield code="o">610.773678 B875 </subfield>
    <subfield code="p">03822</subfield>
    <subfield code="r">2015-12-04 00:00:00</subfield>
    <subfield code="t">Ej. 1</subfield>
    <subfield code="w">2015-12-04</subfield>
    <subfield code="y">BK</subfield>
  </datafield>
</record>
